| 000 | 00901nam2a22002411 4500 | ||
|---|---|---|---|
| 001 | rc\3654 | ||
| 005 | 20250620111517.0 | ||
| 010 |
_a5-88709-028-6 _93000 |
||
| 035 | _a(NLR Aleph) 005293965 | ||
| 090 |
_a6219382 _c6219382 |
||
| 100 | _a20021204d1996 |||y0rusy50 ca | ||
| 101 | 0 | _arus | |
| 102 | _aRU | ||
| 105 | _aa ||||||||| | ||
| 200 | 0 | _aКн. 1 | |
| 210 |
_d1996 _aБ. м. |
||
| 215 |
_a270, [1] с. _cпортр. |
||
| 461 | 0 |
_1001rc\3653 _12001#$aЗори Иртыша$eРоман$e[Пер. с татар.]$fЯкуб Занкиев$vКн. 1 _1700#1$aЗанкиев$bЯ.К.$gЯкуб Камалиевич _96219375 _aЗанкиев, Я.К. _cТюмень _d1996- _fЯкуб Занкиев _nСофтДизайн _oРоман : [Пер. с татар.] _tЗори Иртыша _vКн. 1 |
|
| 801 | 0 |
_aRU _bNLR _gpsbo |
|
| 801 | 1 |
_aRU _bELAR _2rusmarc |
|
| 852 |
_aNLR _j96-3/5599 |
||
| 942 | _cBOOK | ||
| 980 | _aNB | ||